| 000 | 01023cam3a220025300 4500 | ||
|---|---|---|---|
| 001 | lce00735488 | ||
| 008 | 720331s1968 et r 000 0 eng | ||
| 010 | _a 70980981 | ||
| 035 | _a(Sirsi) r27212 | ||
| 035 | _a(DLC) 70980981 | ||
| 035 | _a(UPRA)lce00735488 | ||
| 043 | _af-et--- | ||
| 050 | 0 |
_aZ857.E86 _bA74 |
|
| 082 | _a021/.0025/63 | ||
| 100 | 1 |
_aAmos, Geraldine Odester, 1922- _dAmos, Geraldine Odester, 1922- _6A91217.1 |
|
| 245 | 1 | 0 |
_aDirectory of Ethiopian libraries, _ccompiled and edited by Geraldine Odester Amos, assisted by Pamela M. Bell [and others. |
| 260 |
_aAddis Ababa] _c1968. |
||
| 500 | _a"Preliminary issue, sponsored by the Ethiopian Library Association, Addis Ababa." | ||
| 650 | 0 |
_aLibraries -- Ethiopia -- Directories. _zLibraries -- Ethiopia -- Directories. _xLibraries -- Ethiopia -- Directories. _6S65384.1 |
|
| 700 | 1 |
_aBell, Pamela M. _6A91218.1 |
|
| 710 | 2 |
_aEthiopian Library Association. _6A91219.1 |
|
| 949 |
_aZ857.E86 _wlcc _i-28417 _mMAIN _tBOOK _lON-SHELF |
||
| 004 | 27212 | ||
| 999 |
_c188707 _d188707 |
||